| 000 | 00786 a2200205 4500 | ||
|---|---|---|---|
| 001 | 25429 | ||
| 005 | 20260407155538.0 | ||
| 008 | 260407a1990 arg spa d | ||
| 003 | AR-UNSa-BCEJYS | ||
| 040 |
_aAR-UNSa-BCEJYS _bspa _cAR-UNSa-BCEJYS |
||
| 080 |
_a657.05 _xContabilidad de gestión (Contabilidad gerencial, control de gestión...) |
||
| 245 | 1 | 0 | _aLa información contable útil para la dirección superior |
| 020 | _a950-718-003-6 | ||
| 264 | 1 |
_aBuenos Aires : _bTesis _c1990 |
|
| 300 |
_a155 p. _c23 cm. |
||
| 505 | _a1. Capitulo introductorio - 2. La dirección superior - 3. La información - 4. La información contable - 5. Dirección superior e información contable. | ||
| 942 | _cBK | ||
| 590 | _aniveau_biblio:m niveau_hierar:0 | ||
| 100 | 1 | _aFaga, Héctor Alberto | |
| 999 |
_c1379 _d1379 |
||